000 00334nam a2200145Ia 4500
008 230917s9999||||xx |||||||||||||| ||und||
040 _e48287
_aMAIN
041 _aEnglish
082 _a823.9 H97S
100 _aHuth, Angela
245 0 _aSouth of the lights
260 _aLondon
_bCollins
_c1977
300 _a277 p.
942 _cBK
999 _c215398
_d215398